00621 2200229 4500001002100000005001700021008004100038020001800079035002400097082000800121090001500129100001400144245007600158260002800234300002400262440001900286700003800305850001200343980001500355985000600370999001500376YOGYA-0209000005326420090227033128.0 ind  a979-403-687-0 0010-020900000053264 a420 a420bSin M aSINAGA, M aMr. Stand EverythingcM. Sinaga ; editor, Maria Elvire, Th Nung Atasana aJAkartabgramediac1989 a56 hlmbilusc21 cm aGradel Reading aELVIRE, Maria : ATASANA, Th. Nung aYOPDYOG a07-01-2008 a1 a95P0061868